KOHA-Header-6

Systems of Psychotherapy: Dialectical Tensions and Integration (Record no. 14002)

000 -LEADER
fixed length control field 00305nam a22001217a 4500
020 ## - INTERNATIONAL STANDARD BOOK NUMBER
ISBN 978-1-4419-7307-8
082 ## - DEWEY DECIMAL CLASSIFICATION NUMBER
Classification number 616.89
100 ## - MAIN ENTRY--AUTHOR NAME
Personal name Donald K. Fromme
245 ## - TITLE STATEMENT
Title Systems of Psychotherapy: Dialectical Tensions and Integration
260 ## - PUBLICATION, DISTRIBUTION, ETC. (IMPRINT)
Place of publication USA
Name of publisher Springer
Year of publication 2010
300 ## - PHYSICAL DESCRIPTION
Number of Pages 550 pages
942 ## - ADDED ENTRY ELEMENTS (KOHA)
Koha item type Books
Holdings
Withdrawn status Lost status Collection code Permanent Location Current Location Shelving location Date acquired Full call number Accession Number Koha item type
    Psychology MAJU MAJU Shelf No.A35 2025-04-29 616.89 11103 Books

Powered by Koha